000 00364nam a2200157Ia 4500
005 20250425161220.0
008 250425s9999 xx 000 0 und d
041 _aspa
082 _aIBM4381
245 0 _aINFORME DEL SEMINARIO TECNICO REGIONAL DE PLA
250 _aS.E.
260 _aS.L.
260 _aSin Pais
_bFAO
_c1986
942 _c01
010 _a15321
999 _c204736
_d204736